Secret African City and African Countries - Statistics

General Stats
  • This quiz has been taken 144 times
    130 since last reset
  • The average score is 28 of 55
Answer Stats
Country Answer % Correct
C.A.R. etr fri Repui
79%
Angola go
72%
Gabon Go
72%
Algeria geri
68%
Benin ei
64%
D.R. Congo D.R. ogo
62%
Chad hd
62%
Rep. of Congo Repui of ogo
61%
Ghana Gh
60%
Comoros omoro
58%
Togo Togo
57%
Egypt Egypt
56%
Mali Mi
56%
Lesotho eotho
55%
Libya iy
54%
Kenya Key
54%
Botswana otw
54%
Gambia Gmi
52%
Cameroon meroo
52%
Cape Verde pe Verde
52%
Guinea Guie
51%
Liberia ieri
51%
Sudan ud
51%
Burkina Faso urki Fo
51%
Niger iger
50%
Burundi urudi
50%
Eritrea Eritre
49%
{C} {A} {S} {A} {B} {L} {A} {N} {C} {A}
48%
Ethiopia Ethiopi
48%
Guinea-Bissau Guie-iu
48%
Malawi Mwi
48%
Cote d'Ivoire ote d'Ivoire
48%
Djibouti Djiouti
47%
Morocco Moroo
47%
Rwanda Rwd
47%
Senegal eeg
45%
Nigeria igeri
45%
Madagascar Mdgr
45%
Somalia omi
45%
Mauritania Muriti
44%
Namibia mii
43%
Tanzania tzi
43%
Zambia Zmi
43%
Equatorial Guinea Equtori Guie
42%
Mauritius Muritiu
42%
South Sudan outh ud
42%
South Africa outh fri
41%
Uganda Ugd
41%
Seychelles eyhee
40%
Mozambique Mozmique
40%
Tunisia Tuii
39%
Swaziland wzid
39%
Zimbabwe Zimwe
38%
Sao Tome & Principe o Tome ...
36%
Sierra Leone ierr eoe
34%
No matching quizzes found
Score Distribution
Percent of People with Each Score
Percentile by Number Answered
Your Score History
You have not taken this quiz since the last reset